[Event "SVK-chT3B2 1819"]
[Site "Slovakia"]
[Date "2018.11.11"]
[Round "2.4"]
[White "Sajtlava, Igor"]
[Black "Gunis, Juraj"]
[Result "0-1"]
[WhiteElo "1681"]
[BlackElo "1982"]
[PlyCount "118"]
[EventDate "2018.10.21"]
[EventType "team-tourn"]
[EventRounds "11"]
[EventCountry "SVK"]
[SourceTitle "CBM 189 Extra"]
[Source "ChessBase"]
[SourceDate "2019.06.03"]
[SourceVersion "1"]
[SourceVersionDate "2019.06.03"]
[SourceQuality "1"]
[WhiteTeam "Dubnica nad Vahom  III"]
[BlackTeam "Chynorany"]
[WhiteTeamCountry "SVK"]
[BlackTeamCountry "SVK"]

1. d4 Nf6 2. c4 c5 3. Nf3 g6 4. Nc3 Bg7 5. e3 0-0 6. Be2 d6 7. 0-0 Nbd7 8. Qc2 a6 9. b3 e5 10. dxe5 dxe5 11. Bb2 Re8 12. Rfd1 Qc7 13. Nd2 Nf8 14. Bf3 Bf5 15. e4 Bd7 16. Nd5 Nxd5 17. cxd5 Rac8 18. a4 b6 19. Be2 Qa7 20. Qd3 Ra8 21. Qe3 Bc8 22. Nc4 Qb8 23. a5 bxa5 24. Nxa5 Nd7 25. Nc6 Qc7 26. Bc3 Bb7 27. Na5 Bc8 28. Nc4 Bf8 29. Rdb1 h5 30. Nd2 Kh7 31. Bc4 Nb6 32. Qe2 Nxc4 33. bxc4 a5 34. Rb2 Bd7 35. Rba2 a4 36. Nb1 Rab8 37. Na3 Rb3 38. Qc2 Reb8 39. h3 Bg7 40. Nb5 Bxb5 41. cxb5 R8xb5 42. Rxa4 c4 43. Ra7 Rb7 44. Rxb7 Qxb7 45. Ra2 Qc7 46. Rb2 Ra3 47. Ra2 Rb3 48. Rb2 Qb6 49. Kf1 f6 50. Rxb3 cxb3 51. Qd2 Bh6 52. Qb2 Qb5+ 53. Kg1 Bf8 54. Bd2 Qa4 55. Bc1 Qxe4 56. Qxb3 Qe1+ 57. Kh2 Qxc1 58. d6 Qf4+ 59. Kg1 Bxd6 0-1

[Event "SVK-chT2B 1718"]
[Site "Slovakia"]
[Date "2018.02.25"]
[Round "9.6"]
[White "Nemeth, Daniel"]
[Black "Gunis, Juraj"]
[Result "1-0"]
[WhiteElo "1921"]
[BlackElo "1979"]
[PlyCount "109"]
[EventDate "2017.10.28"]
[EventType "team-tourn"]
[EventRounds "11"]
[EventCountry "SVK"]
[SourceTitle "EXT 2019"]
[Source "ChessBase"]
[SourceDate "2018.10.10"]
[SourceVersion "1"]
[SourceVersionDate "2018.10.10"]
[SourceQuality "1"]
[WhiteTeam "Nove Zamky"]
[BlackTeam "Prievidza"]
[WhiteTeamCountry "SVK"]
[BlackTeamCountry "SVK"]

1. e4 c5 2. Nc3 d6 3. g3 g6 4. Bg2 Bg7 5. d3 Nc6 6. Nge2 e6 7. Be3 Nd4 8. Qd2 Rb8 9. Nd1 Ne7 10. c3 Nxe2 11. Qxe2 Nc6 12. Qd2 b5 13. 0-0 0-0 14. f4 e5 15. h3 Bd7 16. f5 f6 17. Bh6 g5 18. Bxg7 Kxg7 19. Ne3 Ne7 20. Nd5 Nxd5 21. exd5 Qb6 22. Kh1 Be8 23. Rf2 Bf7 24. c4 Rb7 25. Bf3 Rfb8 26. b3 a5 27. h4 h6 28. hxg5 hxg5 29. Rh2 Rh8 30. Rxh8 Kxh8 31. Rg1 Be8 32. Rg2 Rh7+ 33. Rh2 a4 34. Rxh7+ Kxh7 35. Qh2+ Kg7 36. Bh5 Qb8 37. Bxe8 Qxe8 38. cxb5 axb3 39. axb3 e4 40. Qe2 Qxb5 41. Qxe4 Qd7 42. g4 Qd8 43. Qe6 Kh7 44. Qf7+ Kh8 45. Kg2 Qa5 46. Qxf6+ Kh7 47. Qg6+ Kh8 48. Qh6+ Kg8 49. Qxg5+ Kf8 50. f6 Qa7 51. Qh6+ Kg8 52. Qg7+ Qxg7 53. fxg7 Kxg7 54. Kf3 Kg6 55. Kf4 1-0

[Event "SVK-chT3B2 1718"]
[Site "Slovakia"]
[Date "2017.11.05"]
[Round "3.3"]
[White "Gunis, Juraj"]
[Black "Bezak, Radovan"]
[Result "1-0"]
[WhiteElo "2004"]
[BlackElo "1643"]
[PlyCount "62"]
[EventDate "2017.10.08"]
[EventType "team-tourn"]
[EventRounds "11"]
[EventCountry "SVK"]
[SourceTitle "EXT 2019"]
[Source "ChessBase"]
[SourceDate "2018.10.10"]
[SourceVersion "1"]
[SourceVersionDate "2018.10.10"]
[SourceQuality "1"]
[WhiteTeam "Prievidza II"]
[BlackTeam "Chynorany"]
[WhiteTeamCountry "SVK"]
[BlackTeamCountry "SVK"]

1. Nf3 d6 2. c4 e5 3. d4 exd4 4. Nxd4 Nf6 5. g3 Be7 6. Bg2 0-0 7. 0-0 d5 8. cxd5 Nxd5 9. Qb3 c6 10. e4 Qb6 11. exd5 Qxd4 12. Be3 Qf6 13. Nc3 Qd6 14. Rfd1 Qb4 15. Qc2 Bc5 16. a3 Qc4 17. Bf1 Qg4 18. Bxc5 Re8 19. Re1 Bd7 20. Rxe8+ Bxe8 21. Qe2 Qc8 22. Bh3 Nd7 23. Be3 Qc7 24. Rc1 Nf6 25. Bf4 Qb6 26. Bg2 Bd7 27. dxc6 bxc6 28. Be3 Qb7 29. Na4 Qc7 30. Nc5 Bg4 31. Qc4 Nd5 1-0

[Event "SVK-chT1W 1617"]
[Site "Slovakia"]
[Date "2016.11.19"]
[Round "3.5"]
[White "Gunis, Juraj"]
[Black "Slobodnik, Michal"]
[Result "0-1"]
[WhiteElo "2006"]
[BlackElo "2097"]
[PlyCount "108"]
[EventDate "2016.10.15"]
[EventType "team-tourn"]
[EventRounds "11"]
[EventCountry "SVK"]
[SourceTitle "EXT 2018"]
[Source "ChessBase"]
[SourceDate "2017.10.13"]
[SourceVersion "1"]
[SourceVersionDate "2017.10.13"]
[SourceQuality "1"]
[WhiteTeam "Prievidza"]
[BlackTeam "Nitra ASK"]
[WhiteTeamCountry "SVK"]
[BlackTeamCountry "SVK"]

1. e4 Nf6 2. e5 Nd5 3. c4 Nb6 4. d4 d6 5. exd6 cxd6 6. Nf3 g6 7. Be2 Bg7 8. Be3 0-0 9. Nc3 Be6 10. d5 Bg4 11. Nd4 Bxe2 12. Qxe2 N8d7 13. Rc1 a5 14. b3 Nc5 15. 0-0 Rc8 16. Rfd1 a4 17. Ncb5 Na6 18. Qd2 Re8 19. Bh6 Bh8 20. Re1 axb3 21. axb3 Nd7 22. Re3 Ne5 23. Rh3 Qd7 24. f4 Ng4 25. f5 Nc7 26. Qg5 Nxb5 27. Nxb5 Qxf5 28. Qxf5 gxf5 29. Rf1 Ra8 30. Rg3 Be5 31. Bf4 Bxf4 32. Rxf4 Ra1+ 33. Rf1 Rxf1+ 34. Kxf1 Kf8 35. h3 Ne5 36. Rg5 f4 37. Rf5 Ra8 38. Rxf4 Ra1+ 39. Ke2 Ra2+ 40. Kf1 Rb2 41. Nd4 Rb1+ 42. Ke2 Rb2+ 43. Kf1 Rd2 44. Re4 Nd3 45. Nf5 Rf2+ 46. Kg1 Rxf5 47. Re3 Nb4 48. g4 Re5 49. Rf3 h5 50. gxh5 Rxh5 51. Kg2 b5 52. Kg3 bxc4 53. bxc4 Na6 54. Kg4 Re5 0-1

[Event "SVK-chT1W 1415"]
[Site "Slovakia"]
[Date "2015.03.14"]
[Round "10.6"]
[White "Mokos, Jozef"]
[Black "Gunis, Juraj"]
[Result "1/2-1/2"]
[WhiteElo "2256"]
[BlackElo "2034"]
[PlyCount "130"]
[EventDate "2014.10.18"]
[EventType "team-tourn"]
[EventRounds "11"]
[EventCountry "SVK"]
[SourceTitle "EXT 2016"]
[Source "ChessBase"]
[SourceDate "2015.10.08"]
[SourceVersion "1"]
[SourceVersionDate "2015.10.08"]
[SourceQuality "1"]
[WhiteTeam "Nitra NSK"]
[BlackTeam "Prievidza SK"]
[WhiteTeamCountry "SVK"]
[BlackTeamCountry "SVK"]

1. d4 Nf6 2. c4 g6 3. Nc3 Bg7 4. e4 d6 5. Nf3 0-0 6. Be2 e5 7. Be3 Ng4 8. Bg5 f6 9. Bh4 Nc6 10. d5 Ne7 11. Nd2 f5 12. Bxg4 fxg4 13. 0-0 Bf6 14. Bxf6 Rxf6 15. Qe2 a6 16. Qe3 Qf8 17. c5 Bd7 18. cxd6 cxd6 19. Nc4 Rd8 20. Rac1 Nc8 21. Na5 b5 22. Nb1 Re8 23. Nd2 Re7 24. f3 Ref7 25. fxg4 Rxf1+ 26. Nxf1 Bxg4 27. Nd2 Qd8 28. Nc6 Qb6 29. Qxb6 Nxb6 30. Na5 Bd7 31. Nb7 Nc8 32. Nb3 Kf8 33. Rc7 Bg4 34. Rxf7+ Kxf7 35. Nd8+ Ke8 36. Nc6 Bd1 37. Kf2 Bxb3 38. axb3 Ne7 39. Nb4 a5 40. Na2 b4 41. Ke3 Nc8 42. Kd3 Nb6 43. Nc1 Kd7 44. Ne2 Kc7 45. g4 Kb7 46. g5 Ka6 47. Ng3 Kb5 48. Nf1 Nd7 49. Nd2 Nc5+ 50. Kc2 Ka6 51. Kc1 Kb7 52. Kc2 Ka7 53. Kc1 Kb8 54. Kc2 Kc7 55. Kc1 Kd7 56. Kc2 Kc7 57. Kc1 Nd3+ 58. Kd1 Nc5 59. Kc2 Kb7 60. Kc1 Kb6 61. Kc2 Kb5 62. Kc1 a4 63. bxa4+ Kxa4 64. Kc2 Kb5 65. b3 Nb7 1/2-1/2

[Event "SVK-chT1W 1415"]
[Site "Slovakia"]
[Date "2015.01.10"]
[Round "5.2"]
[White "Masarik, Drahoslav"]
[Black "Gunis, Juraj"]
[Result "1-0"]
[WhiteElo "2022"]
[BlackElo "2034"]
[PlyCount "83"]
[EventDate "2014.10.18"]
[EventType "team-tourn"]
[EventRounds "11"]
[EventCountry "SVK"]
[SourceTitle "EXT 2016"]
[Source "ChessBase"]
[SourceDate "2015.10.08"]
[SourceVersion "1"]
[SourceVersionDate "2015.10.08"]
[SourceQuality "1"]
[WhiteTeam "Trencin SK"]
[BlackTeam "Prievidza SK"]
[WhiteTeamCountry "SVK"]
[BlackTeamCountry "SVK"]

1. Nf3 Nf6 2. c4 g6 3. Nc3 Bg7 4. g3 0-0 5. Bg2 d6 6. d4 Nc6 7. 0-0 a6 8. e4 e5 9. d5 Ne7 10. b4 a5 11. Qb3 axb4 12. Qxb4 Nd7 13. Be3 b6 14. a4 h6 15. a5 bxa5 16. Qa3 f5 17. exf5 Nxf5 18. Ne4 Nd4 19. Nxd4 exd4 20. Bd2 Ne5 21. c5 Nc4 22. Qb3 Nxd2 23. Nxd2 Kh7 24. cxd6 cxd6 25. h4 Bg4 26. Ne4 Rf7 27. Ra2 Be5 28. f4 Bg7 29. Rc1 Rc7 30. Rxc7 Qxc7 31. Rc2 Qa7 32. Rc6 Rd8 33. Kh2 Rb8 34. Qc2 a4 35. Rc7 d3 36. Qc3 Qxc7 37. Qxc7 Rc8 38. Qxd6 Rc2 39. Qe7 Kh8 40. d6 Bf3 41. d7 Rxg2+ 42. Kh3 1-0

[Event "SVK-chT1W 1415"]
[Site "Slovakia"]
[Date "2014.11.29"]
[Round "3.3"]
[White "Gunis, Juraj"]
[Black "Klemanic, Emil"]
[Result "1-0"]
[WhiteElo "2034"]
[BlackElo "2160"]
[PlyCount "75"]
[EventDate "2014.10.18"]
[EventType "team-tourn"]
[EventRounds "11"]
[EventCountry "SVK"]
[SourceTitle "EXT 2016"]
[Source "ChessBase"]
[SourceDate "2015.10.08"]
[SourceVersion "1"]
[SourceVersionDate "2015.10.08"]
[SourceQuality "1"]
[WhiteTeam "Prievidza SK"]
[BlackTeam "Modra"]
[WhiteTeamCountry "SVK"]
[BlackTeamCountry "SVK"]

1. Nf3 Nf6 2. c4 g6 3. d4 Bg7 4. Nc3 d6 5. e4 0-0 6. Be2 Bg4 7. Be3 Nfd7 8. Qd2 Nc6 9. d5 Nce5 10. Nxe5 Nxe5 11. f3 Bc8 12. Bh6 Bxh6 13. Qxh6 c6 14. h4 f6 15. g4 Qb6 16. 0-0-0 Bd7 17. Qd2 a5 18. Rdg1 Qc5 19. Na4 Qa7 20. f4 Nf7 21. Nc3 Kg7 22. g5 fxg5 23. hxg5 Rh8 24. Bg4 Bxg4 25. Rxg4 Rag8 26. Ne2 c5 27. Qc3+ Kf8 28. e5 h5 29. gxh6 Rxh6 30. Rgh4 Rxh4 31. Rxh4 dxe5 32. fxe5 Qb8 33. e6 Nd6 34. Rh8 Ne4 35. Qh3 Qe5 36. Qh6+ Qg7 37. Qf4+ Nf6 38. Rh1 1-0

[Event "SVK-chT2B 1314"]
[Site "Slovakia"]
[Date "2014.02.22"]
[Round "8.1"]
[White "Gunis, Juraj"]
[Black "Beres, Lukas"]
[Result "1/2-1/2"]
[WhiteElo "2088"]
[BlackElo "1989"]
[PlyCount "49"]
[EventDate "2013.10.19"]
[EventType "team-tourn"]
[EventRounds "11"]
[EventCountry "SVK"]
[SourceTitle "EXT 2015"]
[Source "ChessBase"]
[SourceDate "2014.11.20"]
[SourceVersion "1"]
[SourceVersionDate "2014.11.20"]
[SourceQuality "1"]
[WhiteTeam "Prievidza II"]
[BlackTeam "Tlmace"]
[WhiteTeamCountry "SVK"]
[BlackTeamCountry "SVK"]

1. Nf3 Nf6 2. c4 g6 3. Nc3 Bg7 4. d4 d6 5. e4 c6 6. Be2 Qc7 7. 0-0 e5 8. d5 0-0 9. Ne1 Nbd7 10. Be3 Nc5 11. f3 a5 12. a3 Nh5 13. b4 axb4 14. axb4 Rxa1 15. Qxa1 Nb3 16. Qa7 Nd4 17. c5 Nxe2+ 18. Nxe2 cxd5 19. exd5 dxc5 20. bxc5 Qd7 21. Qa2 Nf4 22. Nxf4 exf4 23. Bf2 Rd8 24. d6 Qb5 25. Nc2 1/2-1/2

[Event "SVK-chT2B 1314"]
[Site "Slovakia"]
[Date "2014.02.01"]
[Round "7.6"]
[White "Capak, Stefan"]
[Black "Gunis, Juraj"]
[Result "1-0"]
[WhiteElo "2040"]
[BlackElo "2088"]
[PlyCount "85"]
[EventDate "2013.10.19"]
[EventType "team-tourn"]
[EventRounds "11"]
[EventCountry "SVK"]
[SourceTitle "EXT 2015"]
[Source "ChessBase"]
[SourceDate "2014.11.20"]
[SourceVersion "1"]
[SourceVersionDate "2014.11.20"]
[SourceQuality "1"]
[WhiteTeam "Povazska Bystrica III"]
[BlackTeam "Prievidza II"]
[WhiteTeamCountry "SVK"]
[BlackTeamCountry "SVK"]

1. d4 Nf6 2. Nf3 g6 3. g3 Bg7 4. Bg2 0-0 5. 0-0 d6 6. c4 Nc6 7. d5 Na5 8. Nbd2 c5 9. e4 e5 10. Qe2 a6 11. Re1 Rb8 12. Nf1 b5 13. b3 Ne8 14. N3d2 f5 15. f3 Nf6 16. Rb1 fxe4 17. fxe4 Bg4 18. Qd3 Qd7 19. Ne3 Bh3 20. Ba3 Bxg2 21. Kxg2 b4 22. Bc1 Bh6 23. Ndf1 Rf7 24. Rb2 Rbf8 25. Rf2 Nb7 26. Ree2 Nd8 27. Bd2 Bg5 28. h3 h5 29. h4 Bh6 30. Nh2 Re7 31. Nf5 gxf5 32. Bxh6 Rff7 33. Rxf5 Ng4 34. Nxg4 hxg4 35. Ref2 Rxf5 36. Rxf5 Rf7 37. Bg5 Rxf5 38. exf5 Nf7 39. Qe4 Nxg5 40. Qxg4 a5 41. Qxg5+ Kf8 42. Qf6+ Ke8 43. Qe6+ 1-0

[Event "SVK-chT2B 1314"]
[Site "Slovakia"]
[Date "2014.01.12"]
[Round "6.5"]
[White "Masarik, Drahoslav"]
[Black "Gunis, Juraj"]
[Result "1-0"]
[WhiteElo "2034"]
[BlackElo "2088"]
[PlyCount "89"]
[EventDate "2013.10.19"]
[EventType "team-tourn"]
[EventRounds "11"]
[EventCountry "SVK"]
[SourceTitle "EXT 2015"]
[Source "ChessBase"]
[SourceDate "2014.11.20"]
[SourceVersion "1"]
[SourceVersionDate "2014.11.20"]
[SourceQuality "1"]
[WhiteTeam "Trencin II"]
[BlackTeam "Prievidza II"]
[WhiteTeamCountry "SVK"]
[BlackTeamCountry "SVK"]

1. Nf3 Nf6 2. c4 g6 3. d4 Bg7 4. Nc3 0-0 5. e4 d6 6. g3 e5 7. Bg2 Nc6 8. d5 Ne7 9. 0-0 a5 10. h3 Nd7 11. Be3 b6 12. a3 f5 13. exf5 gxf5 14. Ng5 Nf6 15. Qd2 a4 16. Rac1 Kh8 17. Rfd1 Qd7 18. Nb5 Ne8 19. f4 Bf6 20. fxe5 Bxe5 21. Bd4 Ng6 22. Bxe5+ Nxe5 23. Nd4 Rg8 24. Rc3 Qg7 25. Nge6 Qg6 26. Rf1 Ng7 27. Nxc7 Ra7 28. Nce6 Rf7 29. Nf4 Qh6 30. Qf2 Rc7 31. Nc6 Nd7 32. Re3 Nc5 33. Rfe1 Ne4 34. Bxe4 fxe4 35. Rxe4 Bxh3 36. Nxh3 Qxh3 37. Ne7 Rxe7 38. Rxe7 Nf5 39. R7e3 h6 40. Rf3 Rg5 41. Qh2 Qg4 42. Rxf5 Rxf5 43. Qxh6+ Kg8 44. Re8+ Kf7 45. Qe6+ 1-0

[Event "SVK-chT2B 1314"]
[Site "Slovakia"]
[Date "2014.01.11"]
[Round "5.6"]
[White "Gazikova, Veronika"]
[Black "Gunis, Juraj"]
[Result "1-0"]
[WhiteElo "2093"]
[BlackElo "2088"]
[PlyCount "93"]
[EventDate "2013.10.19"]
[EventType "team-tourn"]
[EventRounds "11"]
[EventCountry "SVK"]
[SourceTitle "EXT 2015"]
[Source "ChessBase"]
[SourceDate "2014.11.20"]
[SourceVersion "1"]
[SourceVersionDate "2014.11.20"]
[SourceQuality "1"]
[WhiteTeam "Bojnice"]
[BlackTeam "Prievidza II"]
[WhiteTeamCountry "SVK"]
[BlackTeamCountry "SVK"]

1. e4 c5 2. Nf3 d6 3. d4 cxd4 4. Nxd4 Nf6 5. Nc3 a6 6. Bg5 e6 7. f4 Be7 8. Qf3 Qc7 9. 0-0-0 Nbd7 10. g4 b5 11. Bxf6 Nxf6 12. g5 Nd7 13. f5 Nc5 14. f6 gxf6 15. gxf6 Bf8 16. Rg1 h5 17. Rg7 b4 18. Nd5 exd5 19. exd5 Nd7 20. Nc6 Ne5 21. Nxe5 dxe5 22. d6 Bb7 23. Qb3 Bxd6 24. Rxd6 Qxd6 25. Qxf7+ Kd8 26. Qxb7 Rb8 27. Rd7+ Qxd7 28. Qxb8+ Qc8 29. Qxe5 Re8 30. Qd6+ Qd7 31. Qb8+ Qc8 32. Qxb4 Qf5 33. Qd6+ Qd7 34. Qb8+ Qc8 35. Qxc8+ Kxc8 36. Bxa6+ Kd8 37. f7 Rh8 38. a4 Ke7 39. Bc4 Ra8 40. b3 Ra5 41. Kb2 Rf5 42. b4 Rf2 43. a5 Kd6 44. b5 Kc5 45. b6 Kc6 46. Bd5+ Kd7 47. a6 1-0

[Event "SVK-chT1W 1314"]
[Site "Slovakia"]
[Date "2013.11.16"]
[Round "3.7"]
[White "Mydlarik, Martin"]
[Black "Gunis, Juraj"]
[Result "1-0"]
[WhiteElo "2112"]
[BlackElo "2088"]
[PlyCount "95"]
[EventDate "2013.10.12"]
[EventType "team-tourn"]
[EventRounds "11"]
[EventCountry "SVK"]
[SourceTitle "EXT 2015"]
[Source "ChessBase"]
[SourceDate "2014.11.20"]
[SourceVersion "1"]
[SourceVersionDate "2014.11.20"]
[SourceQuality "1"]
[WhiteTeam "Modra"]
[BlackTeam "Prievidza"]
[WhiteTeamCountry "SVK"]
[BlackTeamCountry "SVK"]

1. e4 c5 2. Nf3 d6 3. d4 cxd4 4. Nxd4 Nf6 5. Nc3 a6 6. Be2 e5 7. Nf3 h6 8. 0-0 Be7 9. a4 Be6 10. h3 0-0 11. Be3 Nbd7 12. Bd3 Qc7 13. Nd2 d5 14. exd5 Nxd5 15. Nxd5 Bxd5 16. Qg4 Nf6 17. Qg3 Nh5 18. Qg4 Nf6 19. Qe2 Qc6 20. f3 Nh5 21. c4 Be6 22. Be4 Qc7 23. Qf2 f5 24. Bb6 Qd7 25. Bc2 Bg5 26. Rfd1 Qf7 27. b3 Qf6 28. Nf1 f4 29. Rd6 Bh4 30. Qd2 Qe7 31. Rd1 Rae8 32. c5 Qg5 33. Rxe6 Rxe6 34. Be4 Re7 35. Qd5+ Kh8 36. Bd8 Ng3 37. Nxg3 fxg3 38. Bxe7 Qxe7 39. b4 Rb8 40. Qd6 Qxd6 41. Rxd6 Bg5 42. a5 Bc1 43. Kf1 Kg8 44. Ke2 Ba3 45. Rb6 Rd8 46. Rxb7 Rd4 47. c6 Bxb4 48. Rxb4 1-0

[Event "SVK-chT1W 1314"]
[Site "Slovakia"]
[Date "2013.10.12"]
[Round "1.8"]
[White "Gunis, Juraj"]
[Black "Puskar, Peter"]
[Result "0-1"]
[WhiteElo "2088"]
[BlackElo "2063"]
[PlyCount "102"]
[EventDate "2013.10.12"]
[EventType "team-tourn"]
[EventRounds "11"]
[EventCountry "SVK"]
[SourceTitle "EXT 2015"]
[Source "ChessBase"]
[SourceDate "2014.11.20"]
[SourceVersion "1"]
[SourceVersionDate "2014.11.20"]
[SourceQuality "1"]
[WhiteTeam "Prievidza"]
[BlackTeam "Trnava Lokomotiva"]
[WhiteTeamCountry "SVK"]
[BlackTeamCountry "SVK"]

1. Nf3 d5 2. c4 c6 3. g3 Nf6 4. Bg2 dxc4 5. Qc2 b5 6. a4 Bb7 7. 0-0 e6 8. b3 cxb3 9. Qxb3 a6 10. Bb2 Be7 11. Nd4 b4 12. Rc1 Qd7 13. a5 0-0 14. d3 c5 15. Nf3 Bd5 16. Qd1 Ra7 17. Nbd2 Qb5 18. Nc4 Nbd7 19. e4 Bxc4 20. Rxc4 Rd8 21. Qe2 Nb8 22. Ne5 Nfd7 23. Qg4 Nxe5 24. Bxe5 g6 25. Bf1 Nc6 26. Bf4 Bf6 27. Rac1 Bd4 28. Bg5 Rdd7 29. Rxd4 cxd4 30. Bf6 h6 31. Qf4 Kh7 32. Rxc6 Qxc6 33. Qb8 Ra8 34. Qf4 b3 35. Bxd4 Rg8 36. Bb2 Qc2 37. Qf6 Qc7 38. h4 Qxa5 39. Bh3 Qd8 40. Qf4 a5 41. Bc1 Qf8 42. h5 Rxd3 43. Bg4 a4 44. e5 Rc3 45. Kg2 Rxc1 46. Qxc1 a3 47. Bd1 b2 48. Qb1 Qa8+ 49. Bf3 Qa7 50. hxg6+ fxg6 51. Qa2 Rf8 0-1

[Event "SVK-chT2B 1213"]
[Site "Slovakia"]
[Date "2013.02.02"]
[Round "7.4"]
[White "Podoba, Milan"]
[Black "Gunis, Juraj"]
[Result "1/2-1/2"]
[WhiteElo "2116"]
[BlackElo "2108"]
[PlyCount "29"]
[EventDate "2012.10.13"]
[EventType "team-tourn"]
[EventRounds "11"]
[EventCountry "SVK"]
[SourceTitle "EXT 2015"]
[Source "ChessBase"]
[SourceDate "2014.11.20"]
[SourceVersion "1"]
[SourceVersionDate "2014.11.20"]
[SourceQuality "1"]
[WhiteTeam "Dubnica nad Vahom II"]
[BlackTeam "Prievidza II"]
[WhiteTeamCountry "SVK"]
[BlackTeamCountry "SVK"]

1. e4 c5 2. Nf3 d6 3. d4 cxd4 4. Nxd4 Nf6 5. Nc3 a6 6. Bc4 e6 7. 0-0 Be7 8. Qf3 Qc7 9. Bb3 Nc6 10. Nxc6 bxc6 11. Qg3 0-0 12. Bh6 Ne8 13. Rad1 Kh8 14. Bf4 e5 15. Be3 1/2-1/2

[Event "SVK-chT1W 1112"]
[Site "Slovakia"]
[Date "2011.11.12"]
[Round "3.4"]
[White "Gunis, Juraj"]
[Black "Hartl, Jan"]
[Result "0-1"]
[WhiteElo "2098"]
[BlackElo "2189"]
[PlyCount "120"]
[EventDate "2011.10.15"]
[EventType "team-tourn"]
[EventRounds "11"]
[EventCountry "SVK"]
[SourceTitle "EXT 2013"]
[Source "ChessBase"]
[SourceDate "2012.11.22"]
[SourceVersion "1"]
[SourceVersionDate "2012.11.22"]
[SourceQuality "1"]
[WhiteTeam "Prievidza II"]
[BlackTeam "Pezinok"]
[WhiteTeamCountry "SVK"]
[BlackTeamCountry "SVK"]

1. e4 e5 2. Nf3 Nc6 3. Bc4 Nf6 4. d3 Be7 5. 0-0 0-0 6. Re1 d6 7. h3 Be6 8. Bxe6 fxe6 9. c3 Qd7 10. d4 exd4 11. cxd4 d5 12. e5 Nh5 13. g3 g6 14. Bh6 Rxf3 15. Qxf3 Nxd4 16. Qd3 c5 17. g4 Ng7 18. f4 Nc6 19. Nc3 c4 20. Qg3 Nb4 21. Re2 Qd8 22. Rf1 Qb6+ 23. Kh1 d4 24. Ne4 d3 25. Rg2 Nd5 26. f5 Qd4 27. Bxg7 Qxe4 28. Bh6 Bf8 29. Bd2 Bc5 30. fxe6 Re8 31. Re1 Qd4 32. Qf3 Rf8 33. Qe4 Rf1+ 34. Kh2 Qxe4 35. Rxe4 b5 36. a3 Kf8 37. h4 Ke7 38. h5 Kxe6 39. hxg6 hxg6 40. Kg3 Rh1 41. a4 a6 42. axb5 axb5 43. Rh2 Rg1+ 44. Rg2 Rb1 45. Bf4 Ne7 46. Be3 Re1 47. Kf3 Bxe3 48. Rxe3 Rxe3+ 49. Kxe3 Kxe5 50. Rf2 Nd5+ 51. Kd2 Kd4 52. Rf8 b4 53. Rg8 c3+ 54. bxc3+ bxc3+ 55. Ke1 Ne3 56. Rd8+ Ke4 57. Re8+ Kf3 58. Rf8+ Kxg4 59. Rf3 d2+ 60. Kf2 d1Q 0-1

[Event "SVK-chT2B 10/11"]
[Site "Slovakia"]
[Date "2011.03.27"]
[Round "11.3"]
[White "Bottyan, Peter"]
[Black "Gunis, Juraj"]
[Result "1-0"]
[WhiteElo "2245"]
[BlackElo "2082"]
[PlyCount "75"]
[EventDate "2010.10.23"]
[EventType "team-tourn"]
[EventRounds "11"]
[EventCountry "SVK"]
[SourceTitle "EXT 2019"]
[Source "ChessBase"]
[SourceDate "2018.10.10"]
[SourceVersion "1"]
[SourceVersionDate "2018.10.10"]
[SourceQuality "1"]
[WhiteTeam "Komarno KSC"]
[BlackTeam "Partizanske SK Neomax"]
[WhiteTeamCountry "SVK"]
[BlackTeamCountry "SVK"]

1. d4 Nf6 2. Bg5 c5 3. Nc3 cxd4 4. Qxd4 Nc6 5. Qh4 Qa5 6. 0-0-0 d6 7. e4 Be6 8. a3 Rc8 9. f4 Qc5 10. f5 Bc4 11. Bxc4 Qxc4 12. Nf3 Nd7 13. Nd2 Qa6 14. e5 Ndxe5 15. Rhe1 Na5 16. Qa4+ Rc6 17. Kb1 Nac4 18. Nxc4 Nxc4 19. Qxa6 bxa6 20. Nd5 Ne5 21. Nb4 Rb6 22. Be3 Rb7 23. Bd4 a5 24. Bxe5 axb4 25. Bxd6 bxa3 26. Bxa3 Rd7 27. Bc5 a6 28. c4 e6 29. Bd4 Re7 30. f6 Rd7 31. fxg7 Bxg7 32. Bxg7 Rg8 33. Be5 Rxg2 34. c5 Kd8 35. c6 Rdd2 36. c7+ Kc8 37. Rxd2 Rxd2 38. Rg1 1-0

[Event "SVK-chT2B 10/11"]
[Site "Slovakia"]
[Date "2011.03.26"]
[Round "10.4"]
[White "Torotto, Antal"]
[Black "Gunis, Juraj"]
[Result "1/2-1/2"]
[WhiteElo "2088"]
[BlackElo "2082"]
[PlyCount "20"]
[EventDate "2010.10.23"]
[EventType "team-tourn"]
[EventRounds "11"]
[EventCountry "SVK"]
[SourceTitle "EXT 2019"]
[Source "ChessBase"]
[SourceDate "2018.10.10"]
[SourceVersion "1"]
[SourceVersionDate "2018.10.10"]
[SourceQuality "1"]
[WhiteTeam "Batorove Kosihy"]
[BlackTeam "Partizanske SK Neomax"]
[WhiteTeamCountry "SVK"]
[BlackTeamCountry "SVK"]

1. d4 Nf6 2. c4 e6 3. Nf3 d5 4. Nc3 Be7 5. Bg5 0-0 6. e3 h6 7. Bh4 b6 8. cxd5 Nxd5 9. Bxe7 Qxe7 10. Nxd5 exd5 1/2-1/2

[Event "SVK-chT2B 10/11"]
[Site "Slovakia"]
[Date "2011.03.05"]
[Round "8.1"]
[White "Gunis, Juraj"]
[Black "Tomka, Jan"]
[Result "1/2-1/2"]
[WhiteElo "2082"]
[BlackElo "2105"]
[PlyCount "105"]
[EventDate "2010.10.23"]
[EventType "team-tourn"]
[EventRounds "11"]
[EventCountry "SVK"]
[SourceTitle "EXT 2019"]
[Source "ChessBase"]
[SourceDate "2018.10.10"]
[SourceVersion "1"]
[SourceVersionDate "2018.10.10"]
[SourceQuality "1"]
[WhiteTeam "Partizanske SK Neomax"]
[BlackTeam "Topolcianky SK"]
[WhiteTeamCountry "SVK"]
[BlackTeamCountry "SVK"]

1. e4 c5 2. Nf3 g6 3. d4 cxd4 4. Nxd4 Nc6 5. Be3 Nf6 6. Nc3 Bg7 7. Nb3 0-0 8. Be2 a5 9. a4 Nb4 10. e5 Ne8 11. f4 d6 12. Bf3 Qc7 13. exd6 Nxd6 14. Bd4 Nf5 15. Bxg7 Kxg7 16. Qe2 Qxf4 17. 0-0 Qe3+ 18. Rf2 Rd8 19. Re1 Nxc2 20. Qxe3 Nfxe3 21. Ree2 Be6 22. Nc5 Bc4 23. Rxc2 Nxc2 24. Rxc2 Bd3 25. Nxd3 Rxd3 26. Bxb7 Rb8 27. Ba6 Rd4 28. Bb5 Rbd8 29. b3 f5 30. Ne2 Rb4 31. Bc4 e5 32. Kf2 Rd6 33. Nc3 Rb8 34. Nb5 Rd1 35. Na7 Rb6 36. Bb5 Rb1 37. Bc4 Rd6 38. Nb5 Rd8 39. Nc3 Ra1 40. Nb5 e4 41. Na7 Rd6 42. Bb5 Rb1 43. Nc6 Rxb3 44. Nxa5 Rb1 45. Nb7 Rd4 46. Nc5 Kf6 47. g3 Rdd1 48. Nd7+ Ke7 49. Nb8 Kf6 50. Ra2 g5 51. Nd7+ Ke7 52. Nc5 Re1 53. Nb7 1/2-1/2

[Event "SVK-chT2B 0910"]
[Site "Slovakia"]
[Date "2010.01.10"]
[Round "7"]
[White "Kovac, Lubomir2222"]
[Black "Gunis, Juraj"]
[Result "1/2-1/2"]
[WhiteElo "1976"]
[BlackElo "2080"]
[PlyCount "26"]
[EventDate "2009.10.10"]
[EventType "team"]
[EventRounds "11"]
[EventCountry "SVK"]
[SourceTitle "EXT 2011"]
[Source "ChessBase"]
[SourceDate "2010.11.26"]
[SourceVersion "1"]
[SourceVersionDate "2010.11.26"]
[SourceQuality "1"]
[WhiteTeam "Sala Slovan Duslo"]
[BlackTeam "Partizanske"]
[WhiteTeamCountry "SVK"]
[BlackTeamCountry "SVK"]

1. d4 d5 2. c4 e6 3. Nc3 Nf6 4. Bg5 Be7 5. e3 0-0 6. Nf3 h6 7. Bh4 b6 8. cxd5 Nxd5 9. Bxe7 Qxe7 10. Nxd5 exd5 11. Be2 Be6 12. 0-0 Nd7 13. Rc1 c5 1/2-1/2